|
|
|
|
| LEADER |
00877nam a2200253 a 4500 |
| 001 |
adlib96000001 |
| 003 |
ViArRB |
| 005 |
20151026130630.0 |
| 008 |
960221s1955 dcuabcdjdbkoqu001 0deng d |
| 020 |
|
|
|
| 022 |
|
|
|
| 040 |
|
|
|a Adlib
|
| 082 |
|
|
|a 541.28
|
| 245 |
|
|
|a Nuclear chemistry and its applications
|
| 250 |
|
|
|
| 260 |
|
|
|a Reading
|b Addison Wesley
|c 1964
|
| 300 |
|
|
|a xiii, 834p.
|
| 500 |
|
|
|a Ref. at the end of each chap.
|
| 100 |
|
|
|a Heissinsky, M
|
| 700 |
|
|
|a Tuck, D G
|
| 942 |
|
|
|c BK
|6 _
|
| 653 |
|
|
|a Atomic chemistry
|a Molecular chemistry
|a Chemistry
|a Spectroscopy
|a Biochemistry
|a Spectrum analysis
|a Acids
|a Bases- chemistry
|a Physical science
|a Science
|a Chemical engineering
|a Biotechnology
|a Chemical technology
|
| 999 |
|
|
|c 9292
|d 9292
|
| 952 |
|
|
|0 0
|1 0
|4 0
|6 54128_HAI
|7 0
|9 20733
|a UL
|b UL
|d 2010-06-16
|l 2
|o 541.28 HAI
|p 00019741
|r 2014-12-04
|s 2014-11-29
|w 2010-06-16
|y BK
|